000 01349nam a2200265Ia 4500
999 _c50595
_d50595
001 17545
003 GE_BSU
005 20200213113354.0
008 181216s2013 xx |||||||||||||| ||geo||
020 _a9789941934384
040 _cGE_BSU
041 _ageo
080 _a343(075.8) ს-32
245 _aსაქართველოს სისხლის სამართლის პროცესი :
_bკერძო ნაწილი /
_cრედ : მიხეილ მანიაშვილი ; ჯემალ გახოკიძე ; ირაკლი გაბისონია .
250 _aმე-2 გამოცემა
264 _aთბილისი :
_bიურისტების სამყარო,
_c2013.
300 _a379 გვ;
_c20 სმ.
504 _aბიბლიოგრაფ.გვ:370-379
653 _aსამართალი
653 _aსაქართველოს სისხლის სამართლის პროცესი.
700 _aმანიაშვილი, მიხეილ
_eრედაქტორი
_97022
700 _a გახოკიძე, ჯემალ
_eრედაქტორი
_97023
700 _a გაბისონია, ირაკლი
_eრედაქტორი
_97024
942 _cBK
_2udc